000 01436nam a2200253 4500
005 20160718084500.0
008 160718s1916 sp |||fr|||| 001 0 spa d
040 _aCO-BoUCM
_bspa
_cSandra Yazo
_dSandra Yazo
041 0 _aspa
082 0 4 _220
_a301
092 _aE40N088
100 1 _aLlovera, José M.
_d1874-1949
_978217
245 1 0 _aTratado elemental de Sociología Cristiana
_cpor el Dr. D. José Ma. Llovera, Pbro
260 _aBarcelona (España)
_bOficina central de la Acción social Popular
_bNicolas Poncel
_c1916
300 _axi, 364 páginas
_c22 x 14 cm.
500 _aDetalles físicos: Encuadernación rígida en cartón forrado en tela. Tapa delantera y lomo con texto impreso en tinta negra, enmarcado en un recuadro. Guardas. Anteportada. Portada impresa en una sola tinta. Texto impreso en una sola columna, con varios tamaños de letra. Notas al pie de página. Papel con algunas manchas
505 0 _aPreliminares ; La causa eficiente del orden social ; Las causas materiales del orden social civil ; Las causas formales del orden social civil ; Las causas finales del orden social ; Sucinta idea de la cuestión social
506 _aConsulta en sala
586 _aObra laureada en el primer concurso de la Acción Social Popular
650 7 _924773
_aSociología cristiana
650 7 _923516
_aReligión y sociología
690 _aSociología
_9386
942 _2LOCAL
_cLIBRO
_e3
_hE40N088
999 _c303803
_d303803